Countries with Largest Earthquakes - Statistics

General Stats
  • This quiz has been taken 96 times
  • The average score is 17 of 21
Answer Stats
Magnitude Year Country % Correct
9.2 1964 United States
98%
8.7 1965 United States
98%
8.6 1957 United States
98%
9.1 2011 Japan
96%
8.7–9.3 1707 Japan
96%
9.1–9.3 2004 Indonesia
91%
8.8 1833 Indonesia
91%
8.6 2005 Indonesia
91%
8.6 2012 Indonesia
91%
9.4–9.6 1960 Chile
86%
9.1–9.3 1730 Chile
86%
8.5–9.0 1868 Chile
86%
8.8 2010 Chile
86%
8.6 1787 Mexico
86%
8.7 1950 India
81%
9.0 1952 Russia
79%
8.7–9.2 1700 Canada
75%
8.6 1746 Peru
74%
8.8 1906 Colombia
55%
8.5–9.0 1755 Portugal
45%
8.8 1762 Bangladesh
22%
No matching quizzes found
Score Distribution
Percent of People with Each Score
Percentile by Number Answered
Your Score History
You have not taken this quiz